Social Housing (Regulation) Act 2023 (Record no. 121631)
[ view plain ]
| 000 -LEADER | |
|---|---|
| fixed length control field | 01131nam a22002537a 4500 |
| 008 - FIXED-LENGTH DATA ELEMENTS--GENERAL INFORMATION | |
| fixed length control field | 230724s2023 xxk|||||ol|||o00| 0 eng d |
| 041 ## - LANGUAGE CODE | |
| Language code of text/sound track or separate title | eng |
| 110 ## - MAIN ENTRY--CORPORATE NAME | |
| Corporate author | Parliament |
| 245 ## - TITLE STATEMENT | |
| Title | Social Housing (Regulation) Act 2023 |
| 260 ## - PUBLICATION INFORMATION | |
| Date | 2023 |
| 500 ## - GENERAL NOTE | |
| General note | Achieved Royal Assent 20 July 2023 |
| 520 ## - ABSTRACT | |
| Abstract | An Act to make provision about the regulation of social housing; about the terms of approved schemes for the investigation of housing complaints; about the powers and duties of a housing ombudsman appointed under an approved scheme; about hazards affecting social housing; and for connected purposes. |
| 650 ## - KEYWORDS | |
| Keywords | DAMP |
| 650 ## - KEYWORDS | |
| Keywords | HOUSING |
| 650 ## - KEYWORDS | |
| Keywords | MOULD |
| 650 ## - KEYWORDS | |
| Keywords | RESIDENTIAL PROPERTY |
| 650 ## - KEYWORDS | |
| Keywords | SOCIAL HOUSING |
| 650 ## - KEYWORDS | |
| Keywords | SOCIAL HOUSING (REGULATION) ACT 2023 |
| 651 ## - SUBJECT ADDED ENTRY--GEOGRAPHIC NAME | |
| Geographic name | United Kingdom |
| 690 ## - BROAD SUBJECT | |
| 9 (RLIN) | 6215 |
| Broad subject | Affordable housing |
| 856 ## - ONLINE RESOURCE | |
| Uniform Resource Identifier | <a href="https://www.legislation.gov.uk/ukpga/2023/36/contents/enacted">https://www.legislation.gov.uk/ukpga/2023/36/contents/enacted</a> |
| Public note | As enacted on Legislation.gov.uk |
| 856 ## - ONLINE RESOURCE | |
| Uniform Resource Identifier | <a href="https://www.gov.uk/government/news/landmark-social-housing-act-receives-royal-assent-to-become-law">https://www.gov.uk/government/news/landmark-social-housing-act-receives-royal-assent-to-become-law</a> |
| Public note | DLUHC press release |
| 942 ## - ADDED ENTRY ELEMENTS (KOHA) | |
| Suppress in OPAC | Do not suppress in OPAC |
| Lost status | Damaged status | Not for loan | Home library | Current library | Shelving location | Date acquired | Total Checkouts | Full call number | Date last seen | Price effective from | Koha item type |
|---|---|---|---|---|---|---|---|---|---|---|---|
| Virtual | Virtual | Online | 24/07/2023 | LEGISLATION | 24/07/2023 | 24/07/2023 | Online material |